Logo quiz jeux vidéos #3 - Statistiques

Statistiques générales
  • Ce quiz a été pris 405 fois
  • Le résultat moyen est 8 sur 12
Statistiques - réponses
Par images Réponse % Correct
Sonic
97%
Among Us
96%
Fortnite
95%
Minecraft
91%
league of legends
85%
Fallout
73%
Mortal Kombat
72%
Apex
57%
Elden Ring
42%
Star Wars: Battlefront
25%
The Last of Us
21%
Cyberpunk 2077
15%
Aucun quiz correspondant
Distribution des résultats
% des personnes avec chaque résultat
Percentile par nombre de réponses
Votre historique - résultats
Vous n’avez pas pris ce quiz